01958cam a22003495a 4500999001700000001000800017003000900025005001700034008004100051020001800092040003800110082002100148100004000169245005000209264007200259264001000331300004700341336002600388337002800414338002700442490005600469504005200525520049800577650005301075651001001128653002601138655002401164942001201188952013101200952013101331952014601462 c20907d208793296115EG-ScBUE20201125063821.0830620t1983 nyua f b 001 0 eng d a9780194341318 aDLCbengerdacDLCdDLCdEG-ScBUE04a808.042bRAI2221 aRaimes, Ann,d1938-eauthor.93848810aTechniques in teaching writing /cAnn Raimes. 1aNew York, NY ;aOxford, England :bOxford University Press,c[1983] 4cc1983 aviii, 164 pages :billustrations ;c23 cm. 2rdacontentatextbtxt 2rdamediaaunmediatedbn 2rdacarrieravolumebnc0 aTeaching techniques in English as a second language aIncludes bibliographical references and index.  aThis unique series of books is specially designed to meet the needs of the busy ESL classroom teacher, experienced and inexperienced alike. The authors of each volume in the series are noted authorities in their field and have had years of teaching and teacher-training experience. This book outlines practical procedures for teachers, including ways to stimulate students to write through pictures, readings, and discussions, and ways to respond to student writing as a form of communication. 7aReport writingxStudy and teaching.2BUEsh94389 2BUEsh cOctober2015bHHUUEENN vReading book934232 2ddccBB 00102ddc40708BaccahaMAINbMAINc2NDd2015-10-13ePurchasel0o808.042 RAIp000039909r2025-07-15 00:00:00w2015-10-13yBB 00102ddc40708BaccahaMAINbMAINc2NDd2015-10-13ePurchasel0o808.042 RAIp000039910r2025-07-15 00:00:00w2015-10-13yBB 00102ddc40708BaccahaMAINbMAINc2NDd2015-10-13ePurchasel1m3o808.042 RAIp000039911r2025-07-15 00:00:00s2016-09-07w2015-10-13yBB